[Event "Asian Continental op 20th"]
[Site "Almaty"]
[Date "2023.06.05"]
[Round "2"]
[White "Amangeldy, Ernur"]
[Black "Khatibi, Mohammad Qais"]
[Result "1-0"]
[WhiteElo "1968"]
[BlackElo "1571"]
[PlyCount "73"]
[EventDate "2023.06.04"]
[EventType "swiss"]
[EventRounds "9"]
[EventCountry "KAZ"]
[SourceTitle "CBM 214 Extra"]
[Source "ChessBase"]
[SourceDate "2023.07.31"]
[SourceVersion "1"]
[SourceVersionDate "2023.07.31"]
[SourceQuality "1"]

1. d4 d5 2. Nf3 Nf6 3. c4 Bf5 4. Nc3 e6 5. cxd5 Nxd5 6. Qb3 Nb6 7. e4 Bg6 8. Bb5+ c6 9. Be2 N8d7 10. 0-0 Nf6 11. a4 Nxe4 12. a5 Nxc3 13. bxc3 Nd7 14. Qxb7 Be7 15. Qxc6 0-0 16. Qa4 Qc7 17. c4 Bf6 18. Ba3 Rfc8 19. Rac1 e5 20. dxe5 Nxe5 21. Rfd1 Rd8 22. h3 Nd3 23. Bxd3 Bxd3 24. c5 a6 25. Qg4 Qxa5 26. Bb4 Qc7 27. Bc3 Bxc3 28. Rxc3 Bf5 29. Rxd8+ Rxd8 30. Qa4 h6 31. Rc1 Bd3 32. c6 Bb5 33. Qe4 Bxc6 34. Qc4 Qc8 35. Ne5 Qe6 36. Qxe6 fxe6 37. Rxc6 1-0